Statistics for Name a Valid - Football (soccer) team

Click here to take the quiz!

General Stats

  • This quiz has been taken 924 times
    (922 since last reset)
  • The average score is 13 of 16

Answer Stats

Name a valid...Answer% Correct
UEFA Champions League (and European Cup) winnerReal Madrid | AC Milan | Bayern Munich | Barcelona | Liverpool | Ajax | Inter Milan | Manchester United | Juventus | Benfica | Nottingham Forest | Porto | Celtic | Hamburg | Steaua București | Marseille | Chelsea | Borussia Dortmund | Feyenoord | Aston Villa | PSV Eindoven | Red Star Belgrade
100%
English Premier League winnerLeicester City | Manchester City | Manchester United | Chelsea | Arsenal | Blackburn Rovers
99%
Team that Cristiano Ronaldo has played forReal Madrid | Juventus | Sporting Lisbon | Manchester United
99%
World Cup winnerUruguay | England | East Germany | Germany | Brazil | France | Italy | Argentina | Spain
99%
Bundesliga winnerBayern Munich | Borussia Mönchengladbach | Borussia Dortmund | Werder Bremen | Hamburger SV | VfB Stuttgart | 1. FC Köln | FC Kaiserslautern | TSV 1860 Munich | Eintracht Braunschweig | 1. FC Nürnberg | VfL Wolfsburg
98%
Team never to be relegated from the Premier LeagueChelsea | Everton | Manchester United | Liverpool | Arsenal | Tottenham Hotspur
97%
Women's World Cup winnerUSA | Germany | Japan | Norway
95%
Copa del Rey winner in the past 10 yearsBarcelona | Sevilla | Real Madrid | Valencia | Atletico Madrid
91%
Scottish Premiership teamAberdeen | Celtic | Hamilton Academical | Heart of Midlothian | Hibernian | Kilmarnock | Livingston | Motherwell | Rangers | Ross County | St Johnstone | St Mirren
87%
Top 5 South American teamRiver Plate | Flamengo | Boca Juniors | Palmeiras | Gremio
80%
Women's Champions League winnerLyon | Arsenal | Duisburg | Wolfsburg | Turbine Potsdam | Umea | Frankfurt | Lyon
76%
MLS Cup winnerLA Galaxy | D.C. United | Houston Dynamo | Seattle Sounders | Sporting Kansas City | San Jose Earthquakes | Chicago Fire | Toronto FC | Colorado Rapids | Columbus Crew SC | Portland Timbers | Real Salt Lake | Atlanta United | New England Revolution | New York Red Bulls | FC Dallas
75%
Swedish First Division (Allsvenskan) teamAFC Eskilstuna | AIK | BK Häcken | Djurgårdens IF | Falkenbergs FF | GIF Sundsvall | Hammarby IF | Helsingborgs IF | IF ElfsborgI | FK Göteborg | IFK Norrköping | IK Sirius | Kalmar FF | Malmö FF | Örebro SK | Östersunds FK
65%
Russian Europa League (and UEFA Cup) winnerCSKA Moscow | Zenit St Petersburg
62%
English League One team to have never played in the top flightAccrington Stanley | AFC Wimbledon | Bristol Rovers | Burton Albion | Doncaster Rovers | Fleetwood Town | Gillingham | Lincoln City | Peterborough United | Rochdale | Rotherham United | Shrewsbury Town | Southend United | Tranmere Rovers | Wycombe Wanderers
36%
Non-European team to win the Club World CupCorinthians | Sao Paulo | Internacional
34%

Score Distribution

Percentile by Number Answered

Percent of People with Each Score

Your Score History

You have not taken this quiz since the last reset